000 00304nam a2200121Ia 4500
008 220204s9999 xx 000 0 und d
082 _a517.9
_bRAO
100 _aS S
245 0 _aOptimization: Theory and applications
260 _aNew Delhi
_bWiley Eastern
_c1978
650 _aOptimization
942 _cBK
999 _c27727
_d27727